000 00481nam a2200157 4500
001 136157
003 ES-MaACL
005 20230906195041.0
007 t|
008 070214s1907 ag r ||||1| spa d
100 1 _aSaavedra Lamas, Carlos.
_9101144
245 1 0 _aInforme sobre la situación del Banco Municipal de Préstamos de la capital /
_cCarlos Saavedra Lamas.
260 _aBuenos Aires :
_b[s.n.],
_c1907.
300 _a90 p. ;
_c26 cm.
852 _aES-MaACL
_jT-1324-F-10
999 _c136157
_d136157